Online Catalogue and eLibrary

Maruthoorkoththan kathaikal (Record no. 4048)

MARC details
000 -LEADER
fixed length control field 00395nam a2200145Ia 4500
005 - DATE AND TIME OF LATEST TRANSACTION
control field 20250325033400.0
008 - FIXED-LENGTH DATA ELEMENTS--GENERAL INFORMATION
fixed length control field 240331s9999 xx 000 0 und d
082 ## - DDC Classification
Item Number - Author Mark MAR
Class No. 894
100 ## - MAIN ENTRY--PERSONAL NAME
Personal name Maruthoorkoththan, V.M
245 #0 - TITLE STATEMENT
Title Maruthoorkoththan kathaikal
260 ## - PUBLICATION, DISTRIBUTION, ETC.
Place of publication, distribution, etc. Kalmunai
Name of publisher, distributor, etc. Islamic Book publishing Centre
Date of publication, distribution, etc. 1985
300 ## - PHYSICAL DESCRIPTION
Extent (e.g. Volumes, Pages etc.) 132 p .,
500 ## - GENERAL NOTE
General note A collecting of short stories
942 ## - Koha item type (Biblio)
Koha item type Books in Stacks (Lending)
Holdings
Lost status Damaged status Collection code Home library Current library Shelving location Date acquired Full call number Accession Number Item type
    Lending WERC Library WERC Library Social Science Cupboard 03/31/2024 894.811 MAR 2382 Books in Stacks (Lending)

© WERC Library